LEADER 01348nam 2200349 n 450 001 996384586603316 005 20200824120806.0 035 $a(CKB)4940000000065934 035 $a(EEBO)2240926073 035 $a(UnM)99832394e 035 $a(UnM)99832394 035 $a(EXLCZ)994940000000065934 100 $a19951122d1689 uh | 101 0 $aeng 135 $aurbn||||a|bb| 200 10$aHis Majesties most gracious speech to both Houses of Parliament, on Saturday the sixteenth of March, 1688$b[electronic resource] 210 $aRe-printed at Edinburgh$c[s.n.]$din the year, 1689 215 $a4 p 300 $aOrdered to be printed: Die Sabbathi 16 Maartii, 1688 [i.e. 1689]. 300 $aCopy cropped at head with slight loss of print. 300 $aReproduction of original in the University of Illinois (Urbana-Champaign Campus). Library. 330 $aeebo-0167 607 $aGreat Britain$xHistory$yWilliam and Mary, 1689-1702$vEarly works to 1800 701 $aWilliam$cKing of England,$f1650-1702.$01000870 712 02$aEngland and Wales.$bParliament. 801 0$bCu-RivES 801 1$bCu-RivES 801 2$bWaOLN 906 $aBOOK 912 $a996384586603316 996 $aHis Majesties most gracious speech to both Houses of Parliament, on Saturday the sixteenth of March, 1688$92311166 997 $aUNISA LEADER 04320oam 2200661 c 450 001 996582044203316 005 20220221094418.0 010 $a3-8394-5212-0 024 3 $a9783839452127 035 $a(CKB)4940000000613254 035 $a(MiAaPQ)EBC6733042 035 $a(Au-PeEL)EBL6733042 035 $a(OCoLC)1272995535 035 $a(transcript Verlag)9783839452127 035 $a(DE-B1597)546311 035 $a(OCoLC)1280944812 035 $a(DE-B1597)9783839452127 035 $a(EXLCZ)994940000000613254 100 $a20220221d2021 uy 0 101 0 $ager 135 $aurcnu|||||||| 181 $ctxt$2rdacontent 182 $cc$2rdamedia 183 $acr$2rdacarrier 200 00$aSkizzen, Romane, Karikaturen$ePopula?re Genres als soziographische Wissensformate im 19. Jahrhundert$fChristiane Schwab 205 $a1st ed. 210 $aBielefeld$ctranscript Verlag$d2021 215 $a223 Seiten 225 0 $aWissensKulturen / Knowledge Cultures$v1 311 $a3-8376-5212-2 327 $aCover -- Inhalt -- Vorwort -- Populäre Genres als soziographische Wissensformate im 19. Jahrhundert -- Das Carte de Visite-Porträt und die frühe Volkskunde -- Adapting Parisian physiologies to the Streets of London: -- L'Illustration oder »bloß« Illustration? -- The china and the ranchero -- Die Ordnung der Gesellschaft -- The Coexistence of Traditional and Modern Medicine in Costa Rican Sketches of Manners -- Das Volk im Bilderbogen -- Autorinnen und Autoren. 330 $aSeit Beginn des 19. Jahrhunderts fo?rderte ein wachsendes Bedu?rfnis nach gesellschaftlicher Selbstbeobachtung die Entstehung und Popularisierung vielgestaltiger soziographischer Formate. Skizzen, Reiseberichte, Sozialromane und Karikaturen feierten auf einem zunehmend kommerzialisierten Kunst- und Literaturmarkt beachtliche Erfolge und nahmen Orte, Typen, Gewohnheiten und Moden der sich ausdifferenzierenden sozialen Welt unter die Lupe. Die Beitra?ge des Bandes untersuchen, wie ethnographisch-soziologisches Wissen in verschiedenen medialen Formaten hergestellt wurde - und betrachten diese als Agenten eines sich formierenden sozialwissenschaftlichen Diskurses in Europa und daru?ber hinaus. 410 0$aWissensKulturen / Knowledge Cultures 606 $a19. Jahrhundert; Zeitschriften; Geschichte der Sozialwissenschaften; Wissensgeschichte; Skizze; Reisebericht; Sozialroman; Karikatur; Literatur; Selbstbeobachtung; Diskurs; Kultur; Kunst; Kulturanthropologie; Wissenssoziologie; Kunstgeschichte des 19. Jahrhunderts Kulturgeschichte; Allgemeine Literaturwissenschaft Cultural Studies; Kunstgeschichte des 19. Jahrhunderts; Kulturgeschichte; 19th Century; Magazines; History of Knowledge; Travelogue; Social Novel; Caricature; Literature; Self-monitoring; Discourse; Culture; Art; Cultural Anthropology; Sociology of Knowledge; Art History of the 19th Century; Cultural History; 610 $aArt History of the 19th Century. 610 $aArt. 610 $aCaricature. 610 $aCultural Anthropology. 610 $aCultural History. 610 $aCulture. 610 $aDiscourse. 610 $aHistory of Knowledge. 610 $aLiterature. 610 $aMagazines. 610 $aSelf-monitoring. 610 $aSocial Novel. 610 $aSociology of Knowledge. 610 $aTravelogue. 615 4$a19. Jahrhundert; Zeitschriften; Geschichte der Sozialwissenschaften; Wissensgeschichte; Skizze; Reisebericht; Sozialroman; Karikatur; Literatur; Selbstbeobachtung; Diskurs; Kultur; Kunst; Kulturanthropologie; Wissenssoziologie; Kunstgeschichte des 19. Jahrhunderts Kulturgeschichte; Allgemeine Literaturwissenschaft Cultural Studies; Kunstgeschichte des 19. Jahrhunderts; Kulturgeschichte; 19th Century; Magazines; History of Knowledge; Travelogue; Social Novel; Caricature; Literature; Self-monitoring; Discourse; Culture; Art; Cultural Anthropology; Sociology of Knowledge; Art History of the 19th Century; Cultural History; 676 $a305.8 702 $aSchwab$b Christiane$pLudwig-Maximilians-Universita?t Mu?nchen, Deutschland$4edt 801 0$bMiAaPQ 801 1$bMiAaPQ 801 2$bMiAaPQ 906 $aBOOK 912 $a996582044203316 996 $aSkizzen, Romane, Karikaturen$94128370 997 $aUNISA